|
|
|
|
| LEADER |
02008nam a2200361 a 4500 |
| 001 |
32372 |
| 003 |
BD-DhAAL |
| 005 |
20250623115019.0 |
| 008 |
171207s2009 nyua b 001 0 eng |
| 010 |
|
|
|a 2009017360
|
| 020 |
|
|
|a 9780393732443 (hardcover)
|
| 020 |
|
|
|a 0393732444 (hardcover)
|
| 040 |
|
|
|a DLC
|c DLC
|d YDX
|d BTCTA
|d UKM
|d WS7
|d CDX
|d DLC
|d BD-DhAAL
|
| 050 |
0 |
0 |
|a NA2543.H55
|b S43 2009
|
| 082 |
0 |
0 |
|a 720.103
|2 22
|
| 100 |
1 |
|
|a Semes, Steven W.
|9 23938
|
| 245 |
1 |
4 |
|a The future of the past :
|b a conservation ethic for architecture, urbanism, and historic preservation /
|c Steven W. Semes ; in association with the Institute of Classical Architecture and Classical America.
|
| 246 |
3 |
0 |
|a Conservation ethic for architecture, urbanism, and historic preservation
|
| 250 |
|
|
|a First edition.
|
| 260 |
|
|
|a New York :
|b W.W. Norton & Co.,
|c c2009.
|
| 300 |
|
|
|a 272 pages :
|b illustrations ;
|c 29 cm.
|
| 504 |
|
|
|a Includes bibliographical references and index.
|
| 505 |
0 |
|
|a Acknowledgments -- 1. New and old architecture together -- 2. The principles of traditional architecture -- 3. How traditional architecture works -- 4. The modernist paradigm -- 5. A brief history of preservation philosophy -- 6. Historicism and the search for an architecture of our time -- 7. Preservation after historicism -- 8. Literal replication -- 9. Invention within a style -- 10. Abstract reference -- 11. Intentional opposition -- 12. A conservation ethic -- Bibliography -- Index.
|
| 526 |
|
|
|a ARC
|
| 541 |
|
|
|a Trim Education
|e 32372
|
| 650 |
|
0 |
|a Architecture and history.
|9 23939
|
| 650 |
|
0 |
|a Architecture
|x Psychological aspects.
|9 23940
|
| 650 |
|
0 |
|a Historic preservation.
|9 23941
|
| 650 |
|
0 |
|a Architecture.
|
| 710 |
2 |
|
|a Institute of Classical Architecture and Classical America.
|9 23942
|
| 942 |
|
|
|2 ddc
|c BK
|
| 999 |
|
|
|c 38747
|d 38747
|
| 952 |
|
|
|0 0
|1 0
|2 ddc
|4 0
|6 720_103000000000000_SEM
|7 0
|9 62157
|a BRACUL
|b BRACUL
|c GEN
|d 2017-12-04
|l 2
|m 2
|o 720.103 SEM
|p 3010032372
|r 2021-12-23
|s 2021-12-15
|t 1
|v 5203.00
|w 2017-12-04
|y BK
|